ბათუმის შოთა რუსთაველის სახელმწიფო უნივერსიტეტის ბიბლიოთეკა

Словарь-справочник по глагольному управления в русском языке с грузинскими эквивалентами = Для учашихся старших классов грузинских школ (ბიბ.ჩანაწერი № 53182)

000 -LEADER
fixed length control field 00854nam a2200229Ia 4500
001 - CONTROL NUMBER
control field 20223
003 - CONTROL NUMBER IDENTIFIER
control field GE_BSU
008 - FIXED-LENGTH DATA ELEMENTS--GENERAL INFORMATION
fixed length control field 181216s||||||||xx |||||||||||||| ||und||
040 ## - CATALOGING SOURCE
Transcribing agency GE_BSU
080 ## - UNIVERSAL DECIMAL CLASSIFICATION NUMBER
Universal Decimal Classification number 81'374.822=161.1=353
100 ## - MAIN ENTRY--PERSONAL NAME
Personal name Церцвадзе ,И .И.
245 ## - TITLE STATEMENT
Title Словарь-справочник по глагольному управления в русском языке с грузинскими эквивалентами = Для учашихся старших классов грузинских школ
245 ## - TITLE STATEMENT
Statement of responsibility, etc. Редактор О.Д. Кинкладзе.
260 ## - PUBLICATION, DISTRIBUTION, ETC.
Place of publication, distribution, etc. Тбилиси
260 ## - PUBLICATION, DISTRIBUTION, ETC.
Name of publisher, distributor, etc. Ганатлеба
260 ## - PUBLICATION, DISTRIBUTION, ETC.
Date of publication, distribution, etc. 1988.
300 ## - PHYSICAL DESCRIPTION
Extent 358 с.22cm
653 ## - INDEX TERM--UNCONTROLLED
Uncontrolled term Словарь-справочник.
653 ## - INDEX TERM--UNCONTROLLED
Uncontrolled term ცნობარი, ლექსიკონი
942 ## - ADDED ENTRY ELEMENTS (KOHA)
Koha item type წიგნი
ეგზემპლარები
Withdrawn status Lost status Damaged status Not for loan Date acquired Barcode Date last seen Price effective from Koha item type
        2018-12-17 52810 2018-12-17 2018-12-17 წიგნი